Διαχείριση τραπεζικών και χρηματοοικονομικών κινδύνων : θεωρία και εφαρμογές
Αποθηκεύτηκε σε:
| Κύριοι συγγραφείς: | , |
|---|---|
| Μορφή: | Βιβλίο |
| Γλώσσα: | Greek |
| Δημοσίευση: |
Αθήνα :
Δίσιγμα,
c2010.
|
| Θέματα: | |
| Ετικέτες: |
Προσθήκη ετικέτας
Δεν υπάρχουν, Καταχωρήστε ετικέτα πρώτοι!
|
MARC
| LEADER | 00000nam a2200000 a 4500 | ||
|---|---|---|---|
| 001 | 1/112843 | ||
| 008 | 170126t2010####gr | ||| |||| ||gre|| | ||
| 020 | |a 9789609904858 |q (χαρτόδετο) | ||
| 040 | |a GR-MyUa |b gre |c GR-MyUa |e AACR2 | ||
| 041 | 0 | |a gre | |
| 082 | 7 | |a 332.10681 |2 (23) | |
| 100 | 1 | |a Σχοινιωτάκης, Νικόλαος, |e aut | |
| 245 | 1 | 0 | |a Διαχείριση τραπεζικών και χρηματοοικονομικών κινδύνων : |b θεωρία και εφαρμογές / |c Νικόλαος Σχοινιωτάκης, Γεώργιος Συλλιγάρδος. |
| 260 | |a Αθήνα : |b Δίσιγμα, |c c2010. | ||
| 300 | |a 447 σ. : |b εικ., πίν. ; |c 24 εκ. | ||
| 504 | |a Βιβλιογραφία: σ. 441-446. | ||
| 650 | 0 | |a Banks and banking |x Risk management. | |
| 650 | 0 | |a Financial risk management. | |
| 650 | 0 | |a Credit analysis. | |
| 700 | 1 | |a Συλλιγάρδος, Γεώργιος, |e aut | |
| 852 | |a INST |b CHIOS |c EUDOXUS |e 20170126 |h 332.10681 ΣΧΟ |p 005200037852 |q 005200037852 |t BK |y 4 |x 20190924 | ||
| 852 | |a INST |b CHIOS |c EUDOXUS |e 20170126 |h 332.10681 ΣΧΟ |p 005200037853 |q 005200037853 |t BK |y 0 | ||
| 852 | |a INST |b CHIOS |c EUDOXUS |e 20170126 |h 332.10681 ΣΧΟ |p 005200037854 |q 005200037854 |t BK |y 0 | ||
| 852 | |a INST |b CHIOS |c EUDOXUS |e 20170126 |h 332.10681 ΣΧΟ |p 005200037855 |q 005200037855 |t BK |y 0 | ||
| 852 | |a INST |b SAMOS |c EUDOXUS |e 20190507 |h 332.10681 ΣΧΟ |p 005300045881 |q 005300045881 |t BK |y 0 | ||
| 852 | |a INST |b SAMOS |c EUDOXUS |e 20190507 |h 332.10681 ΣΧΟ |p 005300045882 |q 005300045882 |t BK |y 0 | ||
| 920 | |a Εύδοξος |b Παραγγελία |y Χίος-ΤΜΟΔ |z 2017-01 | ||
| 920 | |a Εύδοξος |b Παραγγελία |y Σάμος-ΤΣΑΧΜ |z 2019-04 | ||
| 970 | |a Σπέντζα |b Ελένη |z 26-01-2017 | ||